| 000 | 00739nam a2200265Ia 4500 | ||
|---|---|---|---|
| 003 | OSt | ||
| 005 | 20221005130444.0 | ||
| 006 | a|||||r|||| 00| 0 | ||
| 007 | ta | ||
| 008 | 221004b |||||||| |||| 00| 0 eng d | ||
| 024 | _a50653 | ||
| 037 | _cTextual | ||
| 040 |
_aCRL _cCRL _beng |
||
| 041 |
_2eng _aeng |
||
| 082 | _aTh251:N47tN66, K6 | ||
| 110 |
_aCentral Institute of Education _9305964 |
||
| 111 |
_aCentral Institute of Education (1966 : New Delhi India) _9638172 |
||
| 245 | 0 | _aReports | |
| 260 | _c1966 | ||
| 490 | _aIts publications,60. | ||
| 650 | _aHIGHER EDUCATION | ||
| 700 |
_aCentral Institute of Education _9305965 |
||
| 942 |
_hTh251:N47tN66, K6 _cTEXL _2cc |
||
| 999 |
_c1057305 _d1057305 |
||